100 ways to save tax in Malaysia for individuals

Main Author: Thornton, Richard (Author)
Published: London: Sweet & Maxwell, 2010
Edition:3rd edition
Subjects:
LEADER 00794cam a2200217 7i4500
001 0000081299
005 20251013090000.0
008 101229s2010 my # ### #00101eng##
020 # # |a 9789675040436  
090 0 0 |a HJ 4771.6   |b .T4 2010 
100 1 # |a Thornton, Richard   |e author  
245 1 0 |a 100 ways to save tax in Malaysia for individuals   |c Richard Thornton. 
246 0 # |a One hundred ways to save tax in Malaysia for individuals 
250 # # |a 3rd edition 
264 # 1 |a London:   |b Sweet & Maxwell,   |c 2010 
300 # # |a xiv, 302 pages;   |c 25 cm. 
590 # # |a Pusat Pengajian Perniagaan dan Pengurusan Maritim 
650 0 0 |a Tax administration and procedure --   |z Malaysia  
650 0 0 |a Income tax --   |z Malaysia  
650 0 0 |a Taxation --   |z Malaysia  
999 |a 1100078913  |b Book  |c Open Shelf  |e KOLEKSI TERBUKA